| 000 | 01617nam a2200301 i 4500 | ||
|---|---|---|---|
| 003 | CO-BoRNBP | ||
| 005 | 20250226111452.0 | ||
| 007 | ta | ||
| 008 | 231009t2018 sp a|||g| 001 0|spa | | ||
| 020 | _a9789584273567 | ||
| 040 |
_aCO-BoRNBP _bspa _erda _cCO-BoRNBP |
||
| 041 | 0 | _hspa | |
| 082 | 0 | 4 |
_a649 _bA15v |
| 100 | 1 |
_aAndrade, Tatiana _eautora _91721 |
|
| 245 | 1 | 3 |
_aLa vida láctea : _bcorrespondencia entre dos madres trasnochadas/ _cTatiana Andrade, María Camila Sanjinés |
| 250 | _aPrimera edición | ||
| 264 | 1 |
_aBogotá, Colombia _bPlaneta Colombiana _c2018 |
|
| 300 |
_a231 páginas _bilustraciones a color _c22 cm |
||
| 336 |
_atexto _btxt _2rdacontent |
||
| 337 |
_asin mediación _bn _2rdamedia |
||
| 338 |
_avolumen _bnc _2rdacarrier |
||
| 520 | 3 | _aSe trata de un admirable contenido gráfico y escrito que va confesándole al lector lo que parece inconfesable: ¿qué pasa con el sexo después del parto?¿Por qué se sienten celos de la independencia de la pareja?¿En dónde queda la vida de las mujeres cuando tienen hijos tras haber pensado que jamás serían madres? ¿Por qué no decir, a voz en cuello, que la maternidad es una experiencia dolorosa, triste, cansada, llena de humor y de libertad, pero también de dureza? En la misma línea de libros como Vajournal, este dúo de autoras ha construido un universo que rebasa la maternidad para conquistar un desenfadado, e irónico tono. | |
| 650 | 1 | 7 |
_aMaternidad _2ARMARC _958852 |
| 650 | 1 | 7 |
_aCrianza de niños _2ARMARC _919664 |
| 650 | 1 | 7 |
_aSexualidad _2ARMARC |
| 700 |
_aSanjinés, María Camila _eautora _958853 |
||
| 942 |
_2ddc _cBK |
||
| 999 |
_c56977 _d56977 |
||